Home Print Resources E-Books E-Journals IIMT Lecture Series Library Membership Form Book Recommendation Form Campus Tour Take AdmissionAbout Us Contact Us

TEXT BOOK OF ORGANIC CHEMISTRY (Record no. 55524)

000 -LEADER
fixed length control field 00378nam a22001577a 4500
003 - CONTROL NUMBER IDENTIFIER
control field OSt
005 - DATE AND TIME OF LATEST TRANSACTION
control field 20231219071130.0
008 - FIXED-LENGTH DATA ELEMENTS--GENERAL INFORMATION
fixed length control field 220829b xxu||||| |||| 00| 0 eng d
020 ## - INTERNATIONAL STANDARD BOOK NUMBER
International Standard Book Number 8180545873
040 ## - CATALOGING SOURCE
Transcribing agency IIMT UNIVERSITY
100 ## - MAIN ENTRY--PERSONAL NAME
Personal name SONI,P.L.
245 ## - TITLE STATEMENT
Title TEXT BOOK OF ORGANIC CHEMISTRY
260 ## - PUBLICATION, DISTRIBUTION, ETC.
Place of publication, distribution, etc. NEW DELHI
Name of publisher, distributor, etc. SULTAN CHAND
Date of publication, distribution, etc. 2022
300 ## - PHYSICAL DESCRIPTION
Extent A-174
942 ## - ADDED ENTRY ELEMENTS (KOHA)
Source of classification or shelving scheme
Koha item type Text-Book- for 7 days
Holdings
Withdrawn status Lost status Source of classification or shelving scheme Damaged status Not for loan Home library Current library Date acquired Source of acquisition Cost, normal purchase price Inventory number Full call number Barcode Date last seen Price effective from Koha item type Total Checkouts Date last checked out
          IIMT University College of Medical Sciences IIMT University College of Medical Sciences 08/29/2022 ARISTA 795.00 HO/IN/64(11/08/2022) 547(SON) 02-B-13218 08/29/2022 08/29/2022 Reference Book    
          IIMT University College of Medical Sciences IIMT University College of Medical Sciences 08/29/2022 ARISTA 795.00 HO/IN/64(11/08/2022) 547(SON) 02-B-13219 08/29/2022 08/29/2022 Text-Book- for 7 days    
          IIMT University College of Medical Sciences IIMT University College of Medical Sciences 08/29/2022 ARISTA 795.00 HO/IN/64(11/08/2022) 547(SON) 02-B-13220 04/13/2024 08/29/2022 Text-Book- for 7 days 1 02/23/2024
          IIMT University College of Medical Sciences IIMT University College of Medical Sciences 08/29/2022 ARISTA 795.00 HO/IN/64(11/08/2022) 547(SON) 02-B-13221 08/29/2022 08/29/2022 Text-Book- for 7 days    
          IIMT University College of Medical Sciences IIMT University College of Medical Sciences 08/29/2022 ARISTA 795.00 HO/IN/64(11/08/2022) 547(SON) 02-B-13222 10/16/2025 08/29/2022 Text-Book- for 7 days 1 09/29/2025
IIMT, Central Library. All Rights Reserved IIMT,UNIVERSITY © 2023
Implemented and Customised by I CLOUDE EMS
You Are OPAC Visitor No
free web counter

Powered by Koha